000 00713nam a2200289Ia 4500
005 20260324133456.0
008 008 260324s9999 xx 000 0 eng d
020 _a9780429223891
037 _aEBOOK
040 _aCRL
040 _beng
040 _cCRL
041 _2eng
041 _aeng
084 _qCRL
100 _aJohn M. Miller; Mehrdad Ehsani; Ali Emadi
_91193237
245 0 _aVehicular Electric Power Systems
245 0 _bLand, Sea, Air, and Space Vehicles
260 _bTaylor and Francis
260 _c2003
365 _a
365 _b600
856 _uhttp://www.taylorfrancis.com/books/9780429223891
942 _cEBOOK
999 _c1792301
_d1792301